000 00360nam a22001457a 4500
008 230322b ||||| |||| 00| 0 eng d
020 _a9781566629393
041 _aeng
080 _2THIRD EDITION
_a34
082 _a34EIS
100 _a32
101 _aJUREDIK
245 _aAN INTRODUCTION TO AGENCY PARTNERSHPIS AND LLCS
_cEISENBERG A.M
942 _2udc
_cBK
999 _c59428
_d59428